[Event "Lloyds Bank Masters 08th"]
[Site "London, Park Lane Hotel"]
[Date "1984.08.27"]
[Round "6"]
[White "Adams, Michael"]
[Black "Levitt, Jonathan"]
[Result "1/2-1/2"]
[WhiteElo "2130"]
[BlackElo "2370"]
[PlyCount "55"]
[EventDate "1984.08.22"]
[EventType "swiss"]
[EventRounds "9"]
[EventCountry "ENG"]
[SourceTitle "BritBase"]
[Source "John Saunders"]
[SourceDate "2021.06.18"]
[SourceVersion "1"]
[SourceVersionDate "2021.06.18"]
[SourceQuality "2"]

1. e4 c5 2. Nf3 d6 3. d4 cxd4 4. Nxd4 Nf6 5. Nc3 a6 6. Bg5 e6 7. f4 Be7 8. Qf3
Qc7 9. O-O-O Nbd7 10. Bd3 b5 11. Rhe1 Bb7 12. Qg3 b4 13. Nd5 exd5 14. e5 dxe5
15. fxe5 O-O-O 16. Nf5 Bc5 17. exf6 Qxg3 18. hxg3 gxf6 19. Bf4 Ne5 20. Bxe5
fxe5 21. Rxe5 Rde8 22. Rxe8+ Rxe8 23. Rh1 Rh8 24. Rh6 a5 25. Kd2 Kb8 26. Rf6
Rf8 27. Rh6 Rh8 28. Rf6 1/2-1/2

[Event "Lloyds Bank Masters 08th"]
[Site "London, Park Lane Hotel"]
[Date "1984.08.27"]
[Round "6"]
[White "Bellin, Jana"]
[Black "Fox, Neil"]
[Result "1/2-1/2"]
[WhiteElo "2245"]
[BlackElo "2105"]
[PlyCount "224"]
[EventDate "1984.08.22"]
[EventType "swiss"]
[EventRounds "9"]
[EventCountry "ENG"]
[SourceTitle "BritBase"]
[Source "John Saunders"]
[SourceDate "2021.06.18"]
[SourceVersion "1"]
[SourceVersionDate "2021.06.18"]
[SourceQuality "2"]

1. d4 Nf6 2. Nf3 e6 3. e3 b6 4. Bd3 Bb7 5. Nbd2 d6 6. b3 Nbd7 7. Bb2 g6 8. O-O
Bg7 9. e4 O-O 10. Ne1 e5 11. d5 Nc5 12. c4 a5 13. Bc2 Bh6 14. Nd3 Nfxe4 15.
Nxe4 Nxe4 16. Nxe5 Nxf2 17. Qf3 dxe5 18. Bxe5 Bg7 19. Bxg7 Kxg7 20. Rxf2 Qe7
21. Qc3+ f6 22. Re1 Qb4 23. Qa1 Bc8 24. Ref1 Qd6 25. h4 Bd7 26. h5 Rae8 27. Qb1
Qg3 28. Rf3 Qg5 29. hxg6 Re2 30. R1f2 Rfe8 31. Qb2 Rxf2 32. Kxf2 Qd2+ 33. Kg3
Qe1+ 34. Kh2 Qh4+ 35. Kg1 Re1+ 36. Rf1 Re2 37. gxh7 Bh3 38. Qxf6+ Qxf6 39. Rxf6
Rxg2+ 40. Kh1 Rxc2 41. Rh6 Bg2+ 42. Kg1 Kh8 43. Rh2 Be4 44. Rh4 Bxh7 45. Rd4
Rxa2 46. d6 cxd6 47. Rxd6 a4 48. bxa4 Rb2 49. Rc6 Be4 50. Rc8+ Kg7 51. c5 Kf6
52. cxb6 Rxb6 53. Kf2 Ke5 54. Re8+ Kf4 55. Rf8+ Bf5 56. Ke2 Rb2+ 57. Kd1 Ke5
58. a5 Be4 59. Rd8 Kf4 60. Rd2 Rb5 61. Ke2 Rxa5 62. Rb2 Rd5 63. Rb4 Rh5 64. Kd2
Rc5 65. Rb2 Rc4 66. Ke2 Rd4 67. Rd2 Bf3+ 68. Ke1 Re4+ 69. Kf2 Re8 70. Rd4+ Be4
71. Rd7 Rc8 72. Rf7+ Bf5 73. Re7 Bg6 74. Re6 Be4 75. Rf6+ Bf5 76. Ke2 Rc2+ 77.
Kd1 Ra2 78. Rf8 Ke4 79. Kc1 Rf2 80. Re8+ Kd3 81. Rd8+ Kc3 82. Kd1 Bd3 83. Rc8+
Bc4 84. Re8 Rf5 85. Re3+ Bd3 86. Re8 Rf4 87. Rc8+ Bc4 88. Re8 Rf2 89. Re3+ Bd3
90. Re8 Ra2 91. Ke1 Kd4 92. Kd1 Bg6 93. Re7 Kd3 94. Rd7+ Ke3 95. Re7+ Be4 96.
Rc7 Ra8 97. Kc1 Rb8 98. Kd1 Rb2 99. Rc8 Rh2 100. Kc1 Rh1+ 101. Kb2 Rb1+ 102.
Ka3 Bd5 103. Rh8 Kd4 104. Rh3 Kc4 105. Rh4+ Kb5 106. Rh5 Kc5 107. Rh3 Bc4 108.
Rh5+ Kd4 109. Ka4 Rb2 110. Rh4+ Kc3 111. Rh3+ Bd3 112. Ka5 Rb5+ 1/2-1/2

[Event "Lloyds Bank Masters 08th"]
[Site "London, Park Lane Hotel"]
[Date "1984.08.27"]
[Round "6"]
[White "Fuller, Maxwell L"]
[Black "Needham, Teresa M"]
[Result "0-1"]
[WhiteElo "2335"]
[BlackElo "2075"]
[PlyCount "82"]
[EventDate "1984.08.22"]
[EventType "swiss"]
[EventRounds "9"]
[EventCountry "ENG"]
[SourceTitle "BritBase"]
[Source "John Saunders"]
[SourceDate "2021.06.18"]
[SourceVersion "1"]
[SourceVersionDate "2021.06.18"]
[SourceQuality "2"]

1. c4 e5 2. g3 c6 3. d4 e4 4. Nc3 d5 5. cxd5 cxd5 6. Nh3 Nc6 7. Bg2 Be7 8. O-O
Bf6 9. Be3 Nge7 10. Nf4 g6 11. f3 Nf5 12. Bf2 e3 13. Be1 Be6 14. Qb3 Nfxd4 15.
Qxb7 O-O 16. Qa6 Rb8 17. Nd3 Bf5 18. Rd1 Bxd3 19. Qxd3 Rxb2 20. f4 Nb4 21. Qxe3
Re8 22. Qc1 Nxe2+ 23. Nxe2 Rexe2 24. Rd2 Rexd2 25. Bxd2 Nd3 26. Qc6 Bd4+ 27.
Kh1 Rxd2 28. Rb1 Nf2+ 29. Kg1 Rd1+ 30. Rxd1 Nxd1+ 31. Kh1 Nf2+ 32. Kg1 Qe7 33.
Kf1 Ne4 34. Bf3 Nd2+ 35. Kg2 Nxf3 36. Kxf3 Qe4+ 37. Kg4 Qe2+ 38. Kh3 Qf1+ 39.
Kh4 Kg7 40. Kg5 h6+ 41. Kg4 f5+ 0-1

[Event "Lloyds Bank Masters 08th"]
[Site "London, Park Lane Hotel"]
[Date "1984.08.27"]
[Round "6"]
[White "Greenfeld, Alon"]
[Black "Miles, Anthony John"]
[Result "0-1"]
[WhiteElo "2485"]
[BlackElo "2565"]
[PlyCount "96"]
[EventDate "1984.08.22"]
[EventType "swiss"]
[EventRounds "9"]
[EventCountry "ENG"]
[SourceTitle "BritBase"]
[Source "John Saunders"]
[SourceDate "2021.06.18"]
[SourceVersion "1"]
[SourceVersionDate "2021.06.18"]
[SourceQuality "2"]

1. Nf3 c5 2. c4 b6 3. d4 cxd4 4. Nxd4 Bb7 5. Nc3 Nf6 6. f3 Nc6 7. e4 Qb8 8. Be3
e6 9. Qd2 Bd6 10. Ndb5 Be5 11. f4 Bxc3 12. Nxc3 O-O 13. Be2 Rd8 14. O-O Ne7 15.
Bd4 Ne8 16. Rae1 d6 17. Bd3 e5 18. fxe5 dxe5 19. Be3 Nd6 20. Qf2 Ba6 21. c5
Bxd3 22. cxd6 Qxd6 23. Qxf7+ Kh8 24. Bg5 Bxf1 25. Bxe7 Bc4 26. Bxd6 Bxf7 27.
Bxe5 Rd2 28. Nb5 Bxa2 29. Ra1 Bc4 30. Rxa7 Rxa7 31. Nxa7 Re2 32. Nc8 Rxe4 33.
Nxb6 Rxe5 34. Nxc4 Rb5 35. Kf2 Rb4 36. Ne5 Rxb2+ 37. Kg3 g6 38. Nf3 Kg7 39. Kh3
Rb3 40. Kg4 Kf6 41. Kf4 Rb4+ 42. Kg3 g5 43. h3 h5 44. Nd2 Kf5 45. Nf3 Ra4 46.
Ng1 Ra3+ 47. Kh2 h4 48. Ne2 Ke4 0-1

[Event "Lloyds Bank Masters 08th"]
[Site "London, Park Lane Hotel"]
[Date "1984.08.27"]
[Round "6"]
[White "Gutman, Lev"]
[Black "Vaidya, Arun Bhaskar"]
[Result "1-0"]
[WhiteElo "2485"]
[BlackElo "2370"]
[PlyCount "85"]
[EventDate "1984.08.22"]
[EventType "swiss"]
[EventRounds "9"]
[EventCountry "ENG"]
[SourceTitle "BritBase"]
[Source "John Saunders"]
[SourceDate "2021.06.18"]
[SourceVersion "1"]
[SourceVersionDate "2021.06.18"]
[SourceQuality "2"]

1. Nf3 Nf6 2. g3 d5 3. Bg2 Bf5 4. d3 h6 5. c4 dxc4 6. Ne5 c6 7. Nxc4 Nbd7 8.
O-O e6 9. Bf4 Nb6 10. Na5 Qd7 11. Qb3 Be7 12. Na3 Nfd5 13. Bd2 Bg4 14. e4 Nf6
15. N3c4 Nxc4 16. Nxc4 Bh5 17. h3 b5 18. Ne5 Qc7 19. d4 Nd7 20. g4 Nxe5 21. Bf4
Qd7 22. Bxe5 f6 23. gxh5 fxe5 24. dxe5 c5 25. Rad1 Qc6 26. Rd6 c4 27. Qg3 Bxd6
28. Qg6+ Kf8 29. exd6 Qe8 30. e5 Qxg6 31. hxg6 Rc8 32. f4 Ke8 33. f5 exf5 34.
e6 Kd8 35. Rxf5 b4 36. Bb7 c3 37. bxc3 Rxc3 38. Rf7 Rg3+ 39. Kh2 Rxg6 40. Rd7+
Ke8 41. Bc6 Rxe6 42. Re7+ Kd8 43. Rxe6 1-0

[Event "Lloyds Bank Masters 08th"]
[Site "London, Park Lane Hotel"]
[Date "1984.08.27"]
[Round "6"]
[White "Hansson, Dan"]
[Black "Fernandes, Antonio ETG"]
[Result "1-0"]
[WhiteElo "2305"]
[BlackElo "2400"]
[PlyCount "81"]
[EventDate "1984.08.22"]
[EventType "swiss"]
[EventRounds "9"]
[EventCountry "ENG"]
[SourceTitle "BritBase"]
[Source "John Saunders"]
[SourceDate "2021.06.18"]
[SourceVersion "1"]
[SourceVersionDate "2021.06.18"]
[SourceQuality "2"]

1. e4 c5 2. Nf3 Nf6 3. e5 Nd5 4. Nc3 e6 5. Nxd5 exd5 6. d4 Nc6 7. dxc5 Bxc5 8.
Qxd5 d6 9. exd6 Qb6 10. Qe4+ Be6 11. Qh4 f6 12. Bd3 O-O-O 13. O-O h5 14. Be3
Bxe3 15. fxe3 Qxe3+ 16. Kh1 Bg4 17. Qg3 Qc5 18. Rad1 Kb8 19. Be4 Ne5 20. Nxe5
Bxd1 21. Qb3 Qb6 22. Qxb6 axb6 23. Nf7 Be2 24. Re1 Rhe8 25. Nxd8 Rxe4 26. Kg1
Bd3 27. Rd1 Bxc2 28. d7 Bxd1 29. Nc6+ Kc7 30. d8=Q+ Kxc6 31. Qxd1 Re5 32. Qc2+
Kd7 33. Qg6 Rg5 34. Qf7+ Kc6 35. h4 Rg3 36. Qxh5 g6 37. Qh8 f5 38. Qg7 Kb5 39.
Qxb7 Rg4 40. Qd7+ Kc5 41. h5 1-0

[Event "Lloyds Bank Masters 08th"]
[Site "London, Park Lane Hotel"]
[Date "1984.08.27"]
[Round "6"]
[White "Hartston, William Roland"]
[Black "Thipsay, Praveen Mahadeo"]
[Result "1/2-1/2"]
[WhiteElo "2440"]
[BlackElo "2445"]
[PlyCount "35"]
[EventDate "1984.08.22"]
[EventType "swiss"]
[EventRounds "9"]
[EventCountry "ENG"]
[SourceTitle "BritBase"]
[Source "John Saunders"]
[SourceDate "2021.06.18"]
[SourceVersion "1"]
[SourceVersionDate "2021.06.18"]
[SourceQuality "2"]

1. d4 Nf6 2. Nf3 g6 3. c4 Bg7 4. Nc3 O-O 5. Bg5 d6 6. e3 Nbd7 7. Be2 e5 8. dxe5
dxe5 9. O-O h6 10. Bh4 c6 11. b4 Qe7 12. Qb3 Re8 13. Nd2 Nf8 14. c5 Be6 15. Bc4
Bxc4 16. Nxc4 Qe6 17. Na5 b6 18. Qxe6 1/2-1/2

[Event "Lloyds Bank Masters 08th"]
[Site "London, Park Lane Hotel"]
[Date "1984.08.27"]
[Round "6"]
[White "Hawkes, Rob"]
[Black "Conquest, Stuart"]
[Result "0-1"]
[WhiteElo "2365"]
[BlackElo "2300"]
[PlyCount "88"]
[EventDate "1984.08.22"]
[EventType "swiss"]
[EventRounds "9"]
[EventCountry "ENG"]
[SourceTitle "BritBase"]
[Source "John Saunders"]
[SourceDate "2021.06.18"]
[SourceVersion "1"]
[SourceVersionDate "2021.06.18"]
[SourceQuality "2"]

1. e4 c5 2. Nc3 Nc6 3. g3 g6 4. Bg2 Bg7 5. d3 d6 6. Be3 b5 7. Qd2 b4 8. Nd1 e5
9. a3 a5 10. axb4 cxb4 11. Ne2 Nf6 12. Bh6 Bxh6 13. Qxh6 b3 14. cxb3 Ba6 15.
Qd2 Nb4 16. Nc1 Nd7 17. Ne3 Nc5 18. O-O Nbxd3 19. Nxd3 Bxd3 20. Rfd1 O-O 21.
Qc3 Bb5 22. b4 axb4 23. Qxb4 Rb8 24. Qc3 Be2 25. Re1 Rb3 26. Qd2 Bd3 27. Nd5
Kg7 28. f4 Qb8 29. fxe5 dxe5 30. Qg5 Qd6 31. Ra7 Nxe4 32. Bxe4 Bxe4 33. Rxe4
Qc5+ 34. Re3 Qc1+ 35. Kg2 Rxb2+ 36. Kh3 Qf1+ 37. Kg4 h5+ 38. Qxh5 gxh5+ 39. Kg5
Qc1 40. Kf5 Qc2+ 41. Kxe5 Re8+ 42. Kf4 Rxe3 43. Nxe3 Rb4+ 44. Kg5 Qg6# 0-1

[Event "Lloyds Bank Masters 08th"]
[Site "London, Park Lane Hotel"]
[Date "1984.08.27"]
[Round "6"]
[White "Hebden, Mark L"]
[Black "Pein, Malcolm"]
[Result "1-0"]
[WhiteElo "2480"]
[BlackElo "2280"]
[PlyCount "101"]
[EventDate "1984.08.22"]
[EventType "swiss"]
[EventRounds "9"]
[EventCountry "ENG"]
[SourceTitle "BritBase"]
[Source "John Saunders"]
[SourceDate "2020.09.07"]
[SourceVersion "1"]
[SourceVersionDate "2020.09.07"]
[SourceQuality "2"]

1. e4 e6 2. d4 d5 3. Nc3 Bb4 4. e5 b6 5. Qg4 Bf8 6. Nf3 Ne7 7. Bg5 Ba6 8. Bxa6
Nxa6 9. O-O Qd7 10. Bxe7 Qxe7 11. Ne2 g6 12. Nf4 h5 13. Qg3 Bh6 14. a4 Nb4 15.
c3 Nc6 16. b4 Qd7 17. Ne1 a5 18. b5 Ne7 19. Ned3 Nf5 20. Qf3 O-O-O 21. g3 Rdg8
22. Qe2 Qd8 23. Ng2 Bf8 24. Ne3 g5 25. Nxf5 exf5 26. Qf3 Qd7 27. c4 Bh6 28.
cxd5 g4 29. e6 Qxb5 30. Qxf5 fxe6 31. Qxe6+ Qd7 32. Ne5 Qxe6 33. dxe6 Rh7 34.
Rad1 Bf8 35. Rfe1 h4 36. Re4 hxg3 37. fxg3 Bd6 38. Nxg4 Rg5 39. Rde1 Kd8 40.
Ne5 Rgh5 (40... Rhh5 {given in Big Database 2020 but the text move clearly
given in the bulletin}) 41. h4 Rg7 42. Kg2 Bxe5 43. Rxe5 Rxe5 44. Rxe5 Rg4 45.
h5 Rxd4 46. h6 Ke7 47. h7 Rd8 48. Rd5 Rh8 49. Rd7+ Kxe6 50. Rxc7 Kd6 51. Ra7 {
Amended 4 July 2021} 1-0

[Event "Lloyds Bank Masters 08th"]
[Site "London, Park Lane Hotel"]
[Date "1984.08.27"]
[Round "6"]
[White "Huenerkopf, Heinz"]
[Black "Khadilkar, Rohini"]
[Result "1/2-1/2"]
[WhiteElo "2255"]
[BlackElo "2115"]
[PlyCount "54"]
[EventDate "1984.08.22"]
[EventType "swiss"]
[EventRounds "9"]
[EventCountry "ENG"]
[SourceTitle "BritBase"]
[Source "John Saunders"]
[SourceDate "2021.06.18"]
[SourceVersion "1"]
[SourceVersionDate "2021.06.18"]
[SourceQuality "2"]

1. e4 e5 2. Nf3 Nc6 3. d4 exd4 4. Bc4 Nf6 5. e5 d5 6. Bb5 Ne4 7. Nxd4 Bd7 8.
Bxc6 bxc6 9. O-O Be7 10. f3 Nc5 11. f4 Ne4 12. f5 Bc5 13. e6 fxe6 14. fxe6 Bxe6
15. Qh5+ Kd7 16. Be3 Qe8 17. Qe2 Qe7 18. Nc3 Nxc3 19. bxc3 Rhf8 20. Rfe1 Rae8
21. Qd3 h6 22. Kh1 Bxd4 23. Bxd4 a5 24. Rad1 Qg5 25. Be3 Bf5 26. Qd2 Qg6 27. c4
Be4 1/2-1/2

[Event "Lloyds Bank Masters 08th"]
[Site "London, Park Lane Hotel"]
[Date "1984.08.27"]
[Round "6"]
[White "Jacobs, Byron A"]
[Black "Strauss, David J"]
[Result "1/2-1/2"]
[WhiteElo "2280"]
[BlackElo "2425"]
[PlyCount "70"]
[EventDate "1984.08.22"]
[EventType "swiss"]
[EventRounds "9"]
[EventCountry "ENG"]
[SourceTitle "BritBase"]
[Source "John Saunders"]
[SourceDate "2021.06.18"]
[SourceVersion "1"]
[SourceVersionDate "2021.06.18"]
[SourceQuality "2"]

1. e4 c5 2. f4 g6 3. d4 cxd4 4. Qxd4 Nf6 5. e5 Nc6 6. Qd3 Ng8 7. Bd2 Bg7 8. Nf3
d6 9. Bc3 Nh6 10. exd6 O-O 11. Bxg7 Kxg7 12. Nc3 Bf5 13. Qd2 Qxd6 14. Qxd6 exd6
15. O-O-O Ng4 16. Rxd6 Rad8 17. Rxd8 Rxd8 18. Bb5 Nb4 19. Nh4 Be6 20. a3 Nd5
21. Nxd5 Rxd5 22. Bc4 Rd6 23. Be2 Kf6 24. Bxg4 Bxg4 25. h3 Be2 26. Re1 Bb5 27.
Re3 h6 28. Nf3 Bf1 29. Ne1 Rd4 30. f5 gxf5 31. c3 Rd6 32. Kc2 Rc6 33. Kd2 Rd6+
34. Kc2 Rc6 35. Kd2 Rd6+ 1/2-1/2

[Event "Lloyds Bank Masters 08th"]
[Site "London, Park Lane Hotel"]
[Date "1984.08.27"]
[Round "6"]
[White "Khadilkar, Jayshree"]
[Black "Arkell, Keith C"]
[Result "0-1"]
[WhiteElo "1970"]
[BlackElo "2345"]
[PlyCount "76"]
[EventDate "1984.08.22"]
[EventType "swiss"]
[EventRounds "9"]
[EventCountry "ENG"]
[SourceTitle "BritBase"]
[Source "John Saunders"]
[SourceDate "2021.06.18"]
[SourceVersion "1"]
[SourceVersionDate "2021.06.18"]
[SourceQuality "2"]

1. e4 e5 2. Nf3 Nc6 3. Bb5 Qe7 4. O-O g6 5. d4 exd4 6. Bxc6 bxc6 7. Qxd4 f6 8.
Bf4 d6 9. Nc3 Bh6 10. Bg3 Qf7 11. e5 fxe5 12. Nxe5 Qg7 13. Rfe1 Ne7 14. Qc4 d5
15. Qc5 O-O 16. Nxc6 Nxc6 17. Qxc6 Rb8 18. Nxd5 Bb7 19. Qe6+ Qf7 20. Nxc7 Qxe6
21. Nxe6 Rfc8 22. Bxb8 Rxb8 23. Rad1 Bc8 24. b3 Kf7 25. Rd8 g5 26. Nd4 Bg7 27.
Nc6 Bf6 28. Rde8 Ra8 29. Nxa7 Rxa7 30. Rxc8 Rxa2 31. Rc7+ Kg6 32. g3 Bd4 33.
Rc4 Bf6 34. Re6 Kf5 35. Rcc6 Bd4 36. Re7 Kg4 37. Re4+ Kf3 38. Rce6 Bxf2+ {
("??" (Bulletin) - White is winning. Lost on time?} (38... Bxf2+ 39. Kf1 Ra1+
40. Re1 $18) 0-1

[Event "Lloyds Bank Masters 08th"]
[Site "London, Park Lane Hotel"]
[Date "1984.08.27"]
[Round "6"]
[White "Lalic, Susan"]
[Black "Hasan, Younus"]
[Result "1/2-1/2"]
[WhiteElo "1945"]
[BlackElo "2290"]
[PlyCount "33"]
[EventDate "1984.08.22"]
[EventType "swiss"]
[EventRounds "9"]
[EventCountry "ENG"]
[SourceTitle "BritBase"]
[Source "John Saunders"]
[SourceDate "2021.06.18"]
[SourceVersion "1"]
[SourceVersionDate "2021.06.18"]
[SourceQuality "2"]

1. e4 c5 2. c3 d5 3. exd5 Qxd5 4. d4 e6 5. Nf3 Nf6 6. Be2 Be7 7. O-O Nc6 8. Na3
Qd8 9. dxc5 Qxd1 10. Rxd1 Bxc5 11. b4 Be7 12. Nb5 O-O 13. Nc7 Rb8 14. b5 Na5
15. Bf4 Bd7 16. Ne5 Rbd8 17. c4 1/2-1/2

[Event "Lloyds Bank Masters 08th"]
[Site "London, Park Lane Hotel"]
[Date "1984.08.27"]
[Round "6"]
[White "Garcia Olasagasti, Leontxo"]
[Black "Rohde, Michael A"]
[Result "0-1"]
[WhiteElo "2280"]
[BlackElo "2420"]
[PlyCount "44"]
[EventDate "1984.08.22"]
[EventType "swiss"]
[EventRounds "9"]
[EventCountry "ENG"]
[SourceTitle "BritBase"]
[Source "John Saunders"]
[SourceDate "2021.06.18"]
[SourceVersion "1"]
[SourceVersionDate "2021.06.18"]
[SourceQuality "2"]

1. d4 Nf6 2. c4 e6 3. Nc3 Bb4 4. g3 Bxc3+ 5. bxc3 O-O 6. Bg2 Nc6 7. Nf3 d6 8.
O-O e5 9. c5 e4 10. Nd2 d5 11. c4 Nxd4 12. cxd5 Qxd5 13. Nxe4 Nxe4 14. e3 Qxc5
15. exd4 Qf5 16. Bf4 c6 17. Qb1 Nc3 18. Qxf5 Bxf5 19. Rfe1 Rfe8 20. Bf3 Rxe1+
21. Rxe1 Be6 22. Bd2 Nb5 0-1

[Event "Lloyds Bank Masters 08th"]
[Site "London, Park Lane Hotel"]
[Date "1984.08.27"]
[Round "6"]
[White "Norwood, David"]
[Black "Chandler, Murray G"]
[Result "0-1"]
[WhiteElo "2290"]
[BlackElo "2540"]
[PlyCount "74"]
[EventDate "1984.08.22"]
[EventType "swiss"]
[EventRounds "9"]
[EventCountry "ENG"]
[SourceTitle "BritBase"]
[Source "John Saunders"]
[SourceDate "2021.06.18"]
[SourceVersion "1"]
[SourceVersionDate "2021.06.18"]
[SourceQuality "2"]

1. Nf3 Nf6 2. g3 d5 3. Bg2 Bf5 4. d3 e6 5. O-O h6 6. Nbd2 Be7 7. Qe1 O-O 8. e4
Bh7 9. Qe2 c5 10. Ne5 Nbd7 11. f4 dxe4 12. Nxe4 Nxe5 13. fxe5 Nxe4 14. dxe4
Qd4+ 15. Kh1 Qxe5 16. Bf4 Qxb2 17. Rab1 Qxa2 18. Rxb7 e5 19. Rxe7 exf4 20. gxf4
Rae8 21. Rc7 Qa5 22. Rc6 Qa4 23. Ra6 Rxe4 24. Bxe4 Bxe4+ 25. Kg1 Qd4+ 26. Qf2
Qd7 27. f5 Ba8 28. Ra3 Qb7 29. Qg3 Re8 30. Raf3 Re2 31. f6 g6 32. Qf4 Kh7 33.
h4 h5 34. Qc4 Re4 35. Qxc5 Rg4+ 36. Kh2 Qb8+ 37. Kh3 Bxf3 0-1

[Event "Lloyds Bank Masters 08th"]
[Site "London, Park Lane Hotel"]
[Date "1984.08.27"]
[Round "6"]
[White "Short, Nigel D"]
[Black "Zueger, Beat"]
[Result "1/2-1/2"]
[WhiteElo "2510"]
[BlackElo "2385"]
[PlyCount "146"]
[EventDate "1984.08.22"]
[EventType "swiss"]
[EventRounds "9"]
[EventCountry "ENG"]
[SourceTitle "BritBase"]
[Source "John Saunders"]
[SourceDate "2021.06.18"]
[SourceVersion "1"]
[SourceVersionDate "2021.06.18"]
[SourceQuality "2"]

1. e4 c5 2. Nf3 Nc6 3. d4 cxd4 4. Nxd4 Nf6 5. Nc3 d6 6. Bg5 e6 7. Qd2 Be7 8.
O-O-O O-O 9. f4 h6 10. Bh4 e5 11. Nf5 Bxf5 12. exf5 exf4 13. Qxf4 d5 14. Bb5 a6
15. Ba4 Qa5 16. Bb3 d4 17. Ne4 Nxe4 18. Bxe7 Rfe8 19. Qxe4 Rxe7 20. Qg4 Qe5 21.
Rhf1 Qf6 22. Qg6 Rd8 23. Qxf6 gxf6 24. Rf2 Ne5 25. h3 b5 26. Rf4 Red7 27. Kd2
a5 28. a3 d3 29. c3 Kf8 30. Re1 Ke7 31. Ba2 Rg8 32. Rf2 b4 33. axb4 axb4 34.
cxb4 Rd4 35. Kc3 Rh4 36. Bb1 Rc4+ 37. Kb3 Rd4 38. Kc3 Rgd8 39. Rd2 Kf8 40. Re3
Rc4+ 41. Kb3 Rb8 42. Bxd3 Rcxb4+ 43. Ka2 Rd4 44. Kb1 Nc4 45. Ree2 Nxd2+ 46.
Rxd2 Rbd8 47. Kc2 Rc8+ 48. Kd1 Ke7 49. Re2+ Kd6 50. Kd2 Rb4 51. Kd1 Rcb8 52.
Kc1 Kc5 53. Bb1 R8b7 54. Rd2 Rd4 55. Re2 Kd6 56. Bc2 Re7 57. Rxe7 Kxe7 58. b3
Kd6 59. Bd1 Rf4 60. Bf3 Kc5 61. Kd2 Kd4 62. b4 Kc4 63. Bh5 Rxf5 64. Bxf7+ Kxb4
65. Ke3 Kc5 66. Bg6 Rg5 67. Be4 Kd6 68. Kf4 Ke7 69. Bb7 Kd6 70. Be4 Ke7 71. Bb7
Ke6 72. Bc8+ Kd5 73. Bb7+ Kd6 {The bulletin referredto this as a "miracle
save".} 1/2-1/2

[Event "Lloyds Bank Masters 08th"]
[Site "London, Park Lane Hotel"]
[Date "1984.08.27"]
[Round "6"]
[White "Thomas, Ian L"]
[Black "Davies, Nigel Rodney"]
[Result "1-0"]
[WhiteElo "2115"]
[BlackElo "2340"]
[PlyCount "71"]
[EventDate "1984.08.22"]
[EventType "swiss"]
[EventRounds "9"]
[EventCountry "ENG"]
[SourceTitle "BritBase"]
[Source "John Saunders"]
[SourceDate "2021.06.18"]
[SourceVersion "1"]
[SourceVersionDate "2021.06.18"]
[SourceQuality "2"]

1. e4 g6 2. d4 Bg7 3. c3 Nf6 4. Bd3 O-O 5. f4 d5 6. e5 Ne4 7. Bxe4 dxe4 8. Nd2
c5 9. dxc5 f6 10. exf6 exf6 11. Nc4 Qxd1+ 12. Kxd1 Be6 13. Nd6 b6 14. Be3 Na6
15. Ne2 Nxc5 16. Bxc5 bxc5 17. Nxe4 Rad8+ 18. Kc2 Bc4 19. Nc1 Bd5 20. Nxc5 Bxg2
21. Re1 Rd5 22. N1d3 Rc8 23. b4 f5 24. Re3 a5 25. a3 Ra8 26. Rae1 axb4 27. axb4
Rdd8 28. Kb3 Bd5+ 29. c4 Bf7 30. Ne5 Rd2 31. R1e2 Rd1 32. Re1 Rd2 33. R3e2 Raa2
34. Rxd2 Rxd2 35. Ncd3 Be6 36. b5 1-0

[Event "Lloyds Bank Masters 08th"]
[Site "London, Park Lane Hotel"]
[Date "1984.08.28"]
[Round "7"]
[White "Ady, Jonathan James"]
[Black "Gallagher, Joseph G"]
[Result "0-1"]
[WhiteElo "2290"]
[BlackElo "2295"]
[PlyCount "48"]
[EventDate "1984.08.22"]
[EventType "swiss"]
[EventRounds "9"]
[EventCountry "ENG"]
[SourceTitle "BritBase"]
[Source "John Saunders"]
[SourceDate "2021.06.18"]
[SourceVersion "1"]
[SourceVersionDate "2021.06.18"]
[SourceQuality "2"]

1. e4 c5 2. Nf3 d6 3. d4 cxd4 4. Nxd4 Nf6 5. Nc3 a6 6. Bg5 e6 7. f4 Be7 8. Qf3
Qc7 9. O-O-O Nbd7 10. g4 b5 11. Bxf6 Nxf6 12. g5 Nd7 13. f5 Nc5 14. f6 gxf6 15.
gxf6 Bf8 16. Nf5 exf5 17. Nd5 Qc6 18. exf5 Bb7 19. Qe3+ Kd7 20. Bg2 Re8 21. Ne7
Qxg2 22. Rhg1 Qxh2 23. Qxc5 Bxe7 24. fxe7 Rc8 0-1

[Event "Lloyds Bank Masters 08th"]
[Site "London, Park Lane Hotel"]
[Date "1984.08.28"]
[Round "7"]
[White "Chandler, Murray G"]
[Black "Hansson, Dan"]
[Result "1-0"]
[WhiteElo "2540"]
[BlackElo "2305"]
[PlyCount "63"]
[EventDate "1984.08.22"]
[EventType "swiss"]
[EventRounds "9"]
[EventCountry "ENG"]
[SourceTitle "BritBase"]
[Source "John Saunders"]
[SourceDate "2021.06.18"]
[SourceVersion "1"]
[SourceVersionDate "2021.06.18"]
[SourceQuality "2"]

1. e4 c5 2. Nf3 d6 3. d4 cxd4 4. Nxd4 Nf6 5. Nc3 a6 6. Be3 e6 7. f4 Qc7 8. Qf3
b5 9. Bd3 Bb7 10. g4 b4 11. Nce2 Nfd7 12. O-O Nc5 13. a3 bxa3 14. Rxa3 Be7 15.
f5 e5 16. f6 gxf6 17. Nf5 Nbd7 18. Nc3 Rg8 19. Kh1 Rg6 20. b4 Nxd3 21. cxd3 Rc8
22. Rc1 Qb8 23. Raa1 Bd8 24. b5 axb5 25. Nxb5 Rxc1+ 26. Rxc1 Kf8 27. Nbxd6 Ba6
28. Qd1 Be7 29. Qa4 Bxd6 30. Qxa6 Bc5 31. Bxc5+ Nxc5 32. Qa3 1-0

[Event "Lloyds Bank Masters 08th"]
[Site "London, Park Lane Hotel"]
[Date "1984.08.28"]
[Round "7"]
[White "Conquest, Stuart"]
[Black "Short, Nigel D"]
[Result "0-1"]
[WhiteElo "2300"]
[BlackElo "2510"]
[PlyCount "74"]
[EventDate "1984.08.22"]
[EventType "swiss"]
[EventRounds "9"]
[EventCountry "ENG"]
[SourceTitle "BritBase"]
[Source "John Saunders"]
[SourceDate "2021.06.18"]
[SourceVersion "1"]
[SourceVersionDate "2021.06.18"]
[SourceQuality "2"]

1. d4 e6 2. c4 Nf6 3. g3 Bb4+ 4. Nd2 d5 5. Bg2 O-O 6. Ngf3 b6 7. O-O Bb7 8. Ne5
Nbd7 9. Ndf3 Be7 10. Qa4 Qe8 11. Nxd7 Qxd7 12. Qxd7 Nxd7 13. cxd5 Bxd5 14. Bf4
Rac8 15. Rfd1 Rfd8 16. g4 c5 17. dxc5 Nxc5 18. Be5 f6 19. Bd4 Na4 20. b3 Nc3
21. Bxc3 Rxc3 22. Nd4 Kf7 23. Nb5 Rc2 24. Nxa7 Rxe2 25. Bxd5 Rxd5 26. Rxd5 exd5
27. Rd1 Bc5 28. Rxd5 Rxa2 29. Nc6 Bxf2+ 30. Kg2 Bc5+ 31. Kh3 Rb2 32. Rd7+ Ke6
33. Rxg7 Bd6 34. g5 Kd5 35. Ne7+ Ke4 36. gxf6 Rxh2+ 37. Kg4 Bf4 0-1